London Football Clubs Map - Statistics

General Stats
  • This quiz has been taken 1,947 times
    729 since last reset
  • The average score is 8 of 14
Answers on the Map
Answers color-coded by a green-red scale on the quiz's map according to % correct below.
 
Answer Stats
Clubs % Correct
Arsenal
99%
Chelsea
96%
Tottenham Hotspur
94%
West Ham United
82%
Fulham
78%
Crystal Palace
76%
Brentford
68%
Millwall
57%
Queens Park Rangers
52%
Charlton Athletic
41%
AFC Wimbledon
35%
Leyton Orient
34%
Bromley
21%
Sutton United
15%
No matching quizzes found
Score Distribution
Percent of People with Each Score
Percentile by Number Answered
Your Score History
You have not taken this quiz since the last reset